| 000 | 01032cam a2200325 i 4500 | ||
|---|---|---|---|
| 001 | 200462371 | ||
| 003 | TR-AnTOB | ||
| 005 | 20241119074054.0 | ||
| 007 | ta | ||
| 008 | 971205s1992 tu ad 001 0 tur d | ||
| 020 | _a9757467103 | ||
| 040 |
_aTVG _beng _erda _cTVG _dOCLCQ _dSULEY _dTR-AnTOB |
||
| 041 | 0 | _atur | |
| 060 | 4 |
_aWS 141 _bA987 1992 |
|
| 096 |
_aWS141 _bA987 1992 TıpFaK |
||
| 100 | 1 |
_aAysun, Sabiha _eauthor _9146910 |
|
| 245 | 1 | 0 |
_aÇocuk sağlığı : _bpropedötik / _cyazarlar Prof. Dr. Sabiha Aysun [sixteen others] editör E. Tunçbilek. |
| 250 | _aAğustos 1992, Ankara, 2. Baskı | ||
| 264 | 1 |
_aAnkara : _bGüneş Kitabevi, _c1992. |
|
| 300 |
_a303 pages : _btables ; _c24 cm |
||
| 336 |
_atext _btxt _2rdacontent |
||
| 337 |
_aunmediated _bn _2rdamedia |
||
| 338 |
_avolume _bnc _2rdacarrier |
||
| 500 | _aİncludes index. | ||
| 650 | 2 |
_aPediatrics _9126624 |
|
| 650 | 2 |
_aPediatrics _xDiagnosis _9126624 |
|
| 700 | 1 |
_aTunçbilek, Ergül _eeditor _9139947 |
|
| 942 |
_2NLM _cBK |
||
| 999 |
_c200462371 _d80583 |
||